000 00819nam a2200229Ia 4500
003 GCL
005 20240530101820.0
008 140319s9999 xx 000 0 ara d
040 _aGCL /
_cGCL
082 0 4 _a519.5
_bس ن
100 1 _aسالفاتور ، دومنيك
245 1 0 _aنظريات ومسائل فى الاحصاء والاقتصاد القياسى /
_cدومنيك سالفاتور
260 _a[S.N] :
_bالدار الدولية للنشر والتوزيع ،
_c1993
300 _a282 ص
490 _aسلسلة ملخصات شوم
_v0
650 0 4 _aالاحصاء الوصفى
650 0 4 _aالاحصاء الرياضى
650 0 4 _aالاحصائيات
700 1 _aسعدية حافظ منتصر
_eمترجم
700 1 _aعبدالعظيم انيس
_eمراجع
942 _2ddc
_cBK
999 _c27897
_d27897